Trouve le film disney ou pixar #1 - Statistiques

Statistiques générales
  • Ce quiz a été pris 3 050 fois
  • Le résultat moyen est 9 sur 10
Statistiques - réponses
Hint Indice Réponse % Correct
1 2 soeurs, hiver La reine des neiges
98%
4 Cheveux, princesse, voleur Raiponce
95%
8 Dalmatiens Les 101 dalmatiens
94%
7 Jouet, déménagement Toy story
94%
5 Chien, éclair Volt, star malgré lui
89%
10 Indienne, raton laveur Pocahontas
86%
2 Musique, jeune garçon Coco
85%
6 Petite fille, monstres Monstres et cie
81%
3 Poissons, perte de mémoire Le monde de Dory
76%
9 Océan, demi dieu Vaiana
66%
Aucun quiz correspondant
Distribution des résultats
% des personnes avec chaque résultat
Percentile par nombre de réponses
Votre historique - résultats
Vous n’avez pas pris ce quiz